| 000 | 01195cab a22002415a 4500 | ||
|---|---|---|---|
| 001 | L138651 | ||
| 008 | 070629e20070623xxko f 000 0 eng d | ||
| 035 | _a(Sirsi) u138651 | ||
| 041 | 0 | _aeng | |
| 100 | 1 | _aMorrison, Adrian | |
| 245 | 0 | 0 |
_aFocus _bWest of Scotland |
| 260 | _c2007 | ||
| 490 |
_aEstates Gazette _v(0725) 23 June 2007, 125-139(11) |
||
| 520 | _aTopics include: the Scottish Executive's launch of two urban regeneration areas, with a third expected shortly; better quality buildings and a good labour market are helping the Glasgow office market to close the rental gap on Edinburgh to some £1-2.50 per sq ft; the prospect of major retail development on the site of the former Ravenscraig steelworks is affecting key schemes and development proposals in the area; and the outlook for the MEPC Hillington Park business park following the decision by Renfrewshire Council to stamp unauthorised retail use on the site. | ||
| 590 | _aKA | ||
| 651 | 4 |
_aScotland _y1999- |
|
| 690 | _aPROPERTY-COMMERCIAL PROPERTY-COMMERCIAL PROPERTY MARKET | ||
| 700 | 1 | _aBaker, Colin | |
| 700 | 1 | _aMyhre, Catherine | |
| 700 | 1 | _aMorrison, Adrian | |
| 700 | 1 | _aAlexander, Mark | |
| 942 | _n0 | ||
| 999 |
_c78945 _d78945 |
||